00783 2200301 4500001002100000005001500021035002500036008004100061082001600102100002800118245007700146250002800223260003100251300002900282650001800311700001500329850001200344980001300356985000600369999001500375007000300390040001700393084001800410041000800428990001500436990001500451990001500466YOGYA-0209000001011920190725090827 a0010-020900000010119090227s1986 jki g ind d04223a150.1951 aFreud, Sigmundepenulis10aSekelumit sejarah psikoanalisa /cSigmund Freud ; penerjemah, K. Bertens aCetakan kedua, Mei 19833 aJakarta :bGramedia,c1986 axi, 146 halaman ;c21 cm 4aPsikoanalisis1 aBertens, K aYOPDYOG a05-07-05 a2 a95P0075803ta aYOPDYOGbind a150.195 FRE s0 aind a75805-P/95 a75806-P/95 a62568.P/95